=LDR 00000nam 2200000 4500 =001 INLIS000000000054716 =005 20200220022642 =035 ##$$a 0010-0220000278 =007 ta =008 200220###########################0#ind## =020 ##$$a 978-602-74189-3-6 =082 ##$$a 004.2 =084 ##$$a 004.2-Yul m =245 1#$$a Mahir Merakit Komputer dari "0" /$c Yulianto,S.Kom. =250 ##$$a Cet 1 =300 ##$$a 224 halaman : $b Ilustrasi ; $c 21 Cm. =650 #4$$a Komputer-Merakit =700 #$$a Editor : Edward Erik,Lutfiansyah =504 ##$$a Bibliografi : halaman 224 =264 ##$$a Jakarta :$b Riugha Edu Pustaka,$c 2019 =336 ##$$a teks$2 rdacontent =337 ##$$a lain-lain$2 rdamedia =338 ##$$a lain-lain$2 rdacarrier =990 ##$$a 12261226 =990 ##$$a 12261226